00822nam a2200193 a 450000100100000000500170001000800410002704000250006810000240009324500480011726000570016530000210022249000490024359000760029283000560036804900090042495201780043399900170061100003578820200930074619.0111114s1972 dr 000 0 spa d aDO-SdBNPbspacBNPHU1 aNohl, Herman96173310aIntroducción a la ética /cHerman Nohl. aBuenos aires :bFondo de Cultura Económica,c1972. a227 p. ;c18 cm.1 aBreviarios. Fondo de Cultura Económicav70 aPerteneció a la biblioteca personal de Juan Isidro Jimenes Grullón. 0aBreviarios. Fondo de Cultura Económicav70960210 aBNPD 0010718PDaGRbGRcCTd2011-11-14iLF1l0o p35788-10r2020-06-25w2020-06-25yLFPDzPerteneció a la biblioteca personal de Juan Isidro Jimenes Grullón.ZNo se presta c35279d35279